000 00482nab a2200145Ia 4500
003 ES-SlBCS
005 20210601131047.0
008 140529s1975 xxu||||| |||| 00| 0 fre d
041 _afre
100 1 _aFreedman, Lawrence R.
_9180198
245 0 0 _aLa médecine dans le monde d'aujourd'hui: ses limites et ses espérances
_c Lawrence R. Freedman
650 0 4 _aMedicina
_914377
773 0 _tRevue de Theologie et de Philosophie
_gvol. 25, 1975, págs. 216-226
_wRev1459
942 _cAR
999 _c556954
_d556954